טוען...
India: Redeeming the Economic Pledge
| מחבר ראשי: | |
|---|---|
| פורמט: | Printed Book |
| יצא לאור: |
New Delhi
Academic
2004
|
| LEADER | 00428nam a22001457a 4500 | ||
|---|---|---|---|
| 003 | OSt | ||
| 005 | 20200624124707.0 | ||
| 020 | |a 81-7188-348-6 | ||
| 100 | |a Debroy, Bibek | ||
| 245 | |a India: Redeeming the Economic Pledge | ||
| 260 | |a New Delhi |b Academic |c 2004 | ||
| 300 | |a 208p. | ||
| 942 | |2 ddc |c BK | ||
| 999 | |c 340219 |d 340219 | ||
| 952 | |0 0 |1 0 |2 ddc |4 0 |7 0 |8 WAS |9 390633 |a POL |b POL |c ST1 |d 2011-11-05 |g 0.00 |i 1465 |l 0 |p POLW1465 |r 2015-03-04 |w 2015-03-04 |y BK | ||